00825nam a2200253Ia 4500003000400000005001700004006001800021007000300039008004100042024001100083037001100094040001800105041001300123100001900136110008300155245012400238260000900362300001800371650001400389700003100403700002700434700002700461700008300488OSt20220930081903.0a|||||r|||| 00| 0ta220926b |||||||| |||| 00| 0 eng d a109237 cTheses aCRLcCRLbeng 2engaeng aArora Arundeep aUniversity of Delhi. Faculty of Medical Sciences. Department of Radiodiagnosis 0aTo evaluate the clinico radiological profile and role of endorectal MR and MR spectroscopic imaging in prostatic cancer c2008 a72p.ap.ccm. aDIAGNOSIS a Dr. Amita Verma Malik Gu. a Dr. B. B. Thukral Gu. a Dr. N. K. Mohanty Gu. aUniversity of Delhi. Faculty of Medical Sciences. Department of Radiodiagnosis